Výskum a vývoj ako základný zdroj inovácií
Charakteristika pojmu inovácia. Historický vývoj európskej inovačnej politiky. Vynakladanie výdavkov na výskum a vývoj. Výdavky na výskum a vývoj na Slovensku. Vytváranie vhodnej štruktúry financovania výskumu a vývoja. Prijatie základných strategických písomností. Vytvorenie vhodného legislatívneho...
Uložené v:
| Hlavný autor: | |
|---|---|
| Médium: | Kapitola |
| Jazyk: | Slovak |
| Predmet: | |
| Tagy: |
Žiadne tagy, Buďte prvý, kto otaguje tento záznam!
|
MARC
| LEADER | 00000nla$a2200000$$$4500 | ||
|---|---|---|---|
| 001 | 0051072 | ||
| 005 | 20240502071607.5 | ||
| 041 | 0 | |a slo | |
| 044 | |a SK | ||
| 245 | 1 | 0 | |a Výskum a vývoj ako základný zdroj inovácií |c Matúš Hudák |
| 520 | |a Charakteristika pojmu inovácia. Historický vývoj európskej inovačnej politiky. Vynakladanie výdavkov na výskum a vývoj. Výdavky na výskum a vývoj na Slovensku. Vytváranie vhodnej štruktúry financovania výskumu a vývoja. Prijatie základných strategických písomností. Vytvorenie vhodného legislatívneho prostredia. Vytvorenie centrálneho informačného systému. | ||
| 610 | 2 | 0 | |a výskum |
| 610 | 2 | 0 | |a vývoj |
| 610 | 2 | 0 | |a inovácia |
| 610 | 2 | 0 | |a financovanie vývoja |
| 610 | 2 | 0 | |a výdavky |
| 610 | 2 | 0 | |a legislatíva |
| 610 | 2 | 0 | |a systémy informačné |
| 610 | 2 | 0 | |a porovnanie medzinárodné |
| 610 | 2 | 0 | |a Slovensko |
| 100 | 1 | |a Hudák, Matúš | |